Datum a čas kvízu
23
Celkem bodů
Celkový počet nahraných bodů na tomto kvízu bez doplňovacích otázek.
2.
Pořadí na kvízu
Konečné umístění týmu na tomto kvízu.
Zaznamenané odpovědi
| # | Otázka | Odpověď | Body | Výsledky |
|---|---|---|---|---|
| 1. | Bývalý europoslanec a zakladat... | 0 | ||
| 2. | Minulý týden byla v archivu v... | 0 | ||
| 3. | Největší úspěch na předávání E... | 1 | ||
| 4. | Jeden tuzemský pivovar oznámil... | 0 | ||
| 5. | Real Madrid dostal v závěrečné... | 0 | ||
| 6. | Z filmu S tebou mě baví svět:... | 0 | ||
| 7. | "Soudruhu doktore, já jsem red... | 0 | ||
| 8. | "Jeho nejtemnější temnosti, kr... | 1 | ||
| 9. | Mladší příslušník žadoní ve fi... | 1 | ||
| 10. | „Hele, Hanko, já ti musim něco... | 1 |